000 00577nam a2200121Ia 4500
008 220620s9999||||xx |||||||||||||| ||und||
100 _aSegev, Zohar
245 4 _aThe World Jewish Congress During The Holocaust
_bBetween Activism and Restraint
546 _aEnglish[eng]
650 _aHistory||American Jews||Europe||Jews||Judaism||Palestine (region)||The Holocaust||United States||World Jewish Congress||Zionism
856 _uhttps://library.oapen.org/bitstream/20.500.12657/30126/1/649974.pdf||https://library.oapen.org/bitstream/20.500.12657/30126/1/649974.pdf
942 _cEB
999 _c32398
_d32398